书目信息 |
| 题名: |
广播直播主持艺术
|
|
| 作者: | 王佳一 著 | |
| 分册: | ||
| 出版信息: | 北京 华夏出版社 2011.06 |
|
| 页数: | 316页 | |
| 开本: | 23cm | |
| 丛书名: | ||
| 单 册: | ||
| 中图分类: | G222.2 | |
| 科图分类: | ||
| 主题词: | 广播节目--播音--语言艺术 , 广播节目--主持人 , 广播节目 , 语言艺术 , 主持人 | |
| 电子资源: | ||
| ISBN: | 978-7-5080-6008-8 | |
| 000 | 00910nam0 2200277 450 | |
| 001 | 010700109594 | |
| 005 | 20120321101832.64 | |
| 010 | @a978-7-5080-6008-8@dCNY45.00 | |
| 100 | @a20110808d2011 em y0chiy50 ea | |
| 101 | 0 | @achi |
| 102 | @aCN@b110000 | |
| 105 | @ak z 000yy | |
| 106 | @ar | |
| 200 | 1 | @a广播直播主持艺术@9guang bo zhi bo zhu chi yi shu@f王佳一著 |
| 210 | @a北京@c华夏出版社@d2011.06 | |
| 215 | @a316页@d23cm | |
| 330 | @a本书立足于播音主持艺术创作基本理论,结合作者二十余年积累的播音主持实践经验,从广播的媒介优势及广播节目特征、主持人及主持人直播节目等问题,多方位多角度对广播直播主持艺术进行系统阐述。 | |
| 606 | 0 | @a广播节目@x播音@x语言艺术 |
| 606 | 0 | @a广播节目@x主持人 |
| 606 | 0 | @a广播节目 |
| 606 | 0 | @a语言艺术 |
| 606 | 0 | @a主持人 |
| 690 | @aG222.2@v4 | |
| 701 | 0 | @a王佳一@9wang jia yi@4著 |
| 801 | 0 | @aCN@bRENTIAN@c20110808 |
| 905 | @b539182-88@dG222.2@e133@f7 | |
| 广播直播主持艺术/王佳一著.-北京:华夏出版社,2011.06 |
| 316页;23cm |
| ISBN 978-7-5080-6008-8:CNY45.00 |
| 本书立足于播音主持艺术创作基本理论,结合作者二十余年积累的播音主持实践经验,从广播的媒介优势及广播节目特征、主持人及主持人直播节目等问题,多方位多角度对广播直播主持艺术进行系统阐述。 |
| ● |
| 相关链接 |
|
|
|
|
正题名:广播直播主持艺术
索取号:G222.2/133
 
预约/预借
| 序号 | 登录号 | 条形码 | 馆藏地/架位号 | 状态 | 备注 |
| 1 | 539182 | 205391823 | 第一样本阅览室/ [索取号:G222.2/133] | 在馆 | |
| 2 | 539183 | 205391832 | 第四借阅区/ [索取号:G222.2/133] | 在馆 | |
| 3 | 539184 | 205391841 | 第四借阅区/ [索取号:G222.2/133] | 在馆 | |
| 4 | 539185 | 205391850 | 第四借阅区/ [索取号:G222.2/133] | 在馆 | |
| 5 | 539186 | 205391869 | 第四借阅区/ [索取号:G222.2/133] | 在馆 | |
| 6 | 539187 | 205391878 | 第四借阅区/ [索取号:G222.2/133] | 在馆 | |
| 7 | 539188 | 205391887 | 第四借阅区/ [索取号:G222.2/133] | 在馆 |